[Event "Finistere-chT 0304"]
[Site "Finistere"]
[Date "2004.02.28"]
[Round "5.1"]
[White "Kerebel, Regis"]
[Black "Hochart, Jean Luc"]
[Result "0-1"]
[WhiteElo "1810"]
[BlackElo "2050"]
[PlyCount "44"]
[EventDate "2003.10.??"]
[EventType "team-swiss"]
[EventRounds "6"]
[EventCountry "FRA"]
[SourceTitle "EXT 2005"]
[Source "ChessBase"]
[SourceDate "2004.11.15"]
[SourceVersion "1"]
[SourceVersionDate "2004.11.15"]
[SourceQuality "1"]

1. e4 c6 2. d4 d5 3. exd5 cxd5 4. Nc3 Nf6 5. Nf3 Bg4 6. Be2 Nc6 7. 0-0 e6 8. Be3 Bd6 9. h3 Bh5 10. g4 Bg6 11. Nd2 Ne4 12. Ndxe4 dxe4 13. d5 exd5 14. Qxd5 Qe7 15. Rad1 Rd8 16. Qg5 f6 17. Qh4 Bf7 18. f4 exf3 19. Rxf3 Ne5 20. Bb5+ Kf8 21. Rdf1 Nxf3+ 22. Rxf3 Bc5 0-1

[Event "Finistere-ch"]
[Site "Finistere"]
[Date "2003.02.15"]
[Round "5"]
[White "Cueff, Jacques"]
[Black "Kerebel, Regis"]
[Result "1/2-1/2"]
[WhiteElo "1620"]
[BlackElo "1640"]
[PlyCount "123"]
[EventDate "2003.10.19"]
[EventType "swiss"]
[EventRounds "7"]
[EventCountry "FRA"]
[SourceTitle "EXT 2008"]
[Source "ChessBase"]
[SourceDate "2007.11.25"]
[SourceVersion "1"]
[SourceVersionDate "2007.11.25"]
[SourceQuality "1"]

1. e4 e5 2. Nf3 Nc6 3. d4 exd4 4. Nxd4 Qf6 5. Nxc6 Bc5 6. Qe2 bxc6 7. Nc3 Ne7 8. Be3 Bb4 9. Qd3 Ba6 10. Qd4 Qxd4 11. Bxd4 Bxf1 12. Rxf1 0-0 13. a3 Ba5 14. b4 Bb6 15. 0-0-0 d6 16. f4 f6 17. g4 Ng6 18. Ne2 Rfe8 19. Ng3 Rad8 20. Nf5 d5 21. exd5 cxd5 22. h4 Kf7 23. h5 Ne7 24. Nh4 g6 25. hxg6+ hxg6 26. g5 Bxd4 27. Rxd4 Nf5 28. Nxf5 gxf5 29. c4 fxg5 30. fxg5 Kg6 31. Rg1 a5 32. Kb2 c5 33. bxc5 Rc8 34. cxd5 Rxc5 35. d6 Rb8+ 36. Ka1 Rc3 37. Ra4 Rb5 38. Rd1 Rc8 39. d7 Rd8 40. Rc4 Rbb8 41. Rc5 Ra8 42. Rdd5 Rf8 43. Kb2 Kxg5 44. d8Q+ Raxd8 45. Rxd8 Rxd8 46. Rxa5 Kf4 47. Rc5 Rd4 48. Kc3 Rd1 49. Kb4 Rb1+ 50. Ka5 Ke4 51. a4 f4 52. Rc2 f3 53. Ka6 Re1 54. Rf2 Ke3 55. Rxf3+ Kxf3 56. a5 Ke4 57. Kb7 Kd5 58. a6 Rb1+ 59. Kc7 Ra1 60. Kb7 Kd6 61. a7 Rb1+ 62. Kc8 1/2-1/2

[Event "Finistere-chT 0001"]
[Site "Finistere"]
[Date "2001.04.21"]
[Round "7.5"]
[White "Cueff, Denis"]
[Black "Kerebel, Regis"]
[Result "0-1"]
[WhiteElo "1350"]
[BlackElo "1670"]
[PlyCount "66"]
[EventDate "2000.??.??"]
[EventType "team"]
[EventRounds "7"]
[EventCountry "FRA"]
[SourceTitle "EXT 2003"]
[Source "ChessBase"]
[SourceDate "2002.11.25"]
[SourceVersion "1"]
[SourceVersionDate "2002.11.25"]
[SourceQuality "1"]

1. e4 e5 2. f4 d5 3. exd5 c6 4. Nf3 exf4 5. d4 g5 6. Bc4 b5 7. Bb3 g4 8. 0-0 gxf3 9. Qxf3 Bg7 10. c3 Ne7 11. Bxf4 0-0 12. Bxb8 Rxb8 13. dxc6 Be6 14. Nd2 Qb6 15. Bxe6 fxe6 16. Qh5 Bxd4+ 17. Kh1 Bf2 18. Qg4+ Kh8 19. Qxe6 Nxc6 20. Qh3 Qe3 21. Nf3 Ne5 22. Nxe5 Qxe5 23. Qd7 Rbd8 24. Qg4 Rf4 25. Qh3 Rdf8 26. Qd3 Qh5 27. Rad1 Rh4 28. h3 Qf5 29. Qxf5 Rxf5 30. Rd7 Rhf4 31. Rdd1 Bg3 32. Rxf4 Rxf4 33. Kg1 Bf2+ 0-1

[Event "Finistere-chT 0001"]
[Site "Finistere"]
[Date "2001.03.24"]
[Round "6.9"]
[White "Kerebel, Regis"]
[Black "Cueff, Jacques"]
[Result "1-0"]
[WhiteElo "1670"]
[BlackElo "1550"]
[PlyCount "81"]
[EventDate "2000.??.??"]
[EventType "team"]
[EventRounds "7"]
[EventCountry "FRA"]
[SourceTitle "EXT 2003"]
[Source "ChessBase"]
[SourceDate "2002.11.25"]
[SourceVersion "1"]
[SourceVersionDate "2002.11.25"]
[SourceQuality "1"]

1. e4 c5 2. c3 Nf6 3. e5 Nd5 4. d4 e6 5. Nf3 Be7 6. c4 Nb6 7. d5 d6 8. Nc3 0-0 9. exd6 Bxd6 10. Be3 exd5 11. cxd5 Bf5 12. Qd2 Re8 13. Be2 N8d7 14. Bf4 Nc4 15. Qc1 Bxf4 16. Qxf4 Bd3 17. 0-0-0 Qb6 18. Rxd3 Qxb2+ 19. Kd1 Qa1+ 20. Qc1 Nb2+ 21. Kc2 Qxc1+ 22. Rxc1 Nxd3 23. Kxd3 Rad8 24. Nb5 b6 25. Nc7 Ne5+ 26. Kc3 Re7 27. Nxe5 Rxe5 28. Bf3 Rd7 29. Bg4 f5 30. f4 Re3+ 31. Kd2 fxg4 32. Kxe3 Rxc7 33. d6 Rd7 34. Rd1 Kf7 35. Ke4 Ke6 36. f5+ Kf6 37. Kd5 Kf7 38. Re1 c4 39. Kc6 Rd8 40. Kc7 Re8 41. Rxe8 1-0

[Event "Guingamp op 5th"]
[Site "Guingamp"]
[Date "2001.??.??"]
[Round "3"]
[White "Le Bailly, Baptiste"]
[Black "Kerebel, Regis"]
[Result "1-0"]
[WhiteElo "2070"]
[BlackElo "1670"]
[PlyCount "75"]
[EventDate "2001.04.??"]
[EventType "swiss"]
[EventRounds "7"]
[EventCountry "FRA"]
[SourceTitle "EXT 2003"]
[Source "ChessBase"]
[SourceDate "2002.11.25"]
[SourceVersion "1"]
[SourceVersionDate "2002.11.25"]
[SourceQuality "1"]

1. Nf3 Nf6 2. c4 g6 3. Nc3 d5 4. cxd5 Nxd5 5. e4 Nxc3 6. bxc3 Bg7 7. Bc4 0-0 8. 0-0 e5 9. Ba3 Re8 10. Qb3 Qf6 11. d4 Nc6 12. dxe5 Nxe5 13. Nxe5 Rxe5 14. Rad1 Rxe4 15. Bxf7+ Kh8 16. Qd5 Bf5 17. Qxb7 Rc8 18. Bd5 Ra4 19. Qb3 Bc2 20. Qxc2 Rxa3 21. Bb3 Qxc3 22. Qe4 Qe5 23. Qc4 Re8 24. Rd7 c5 25. Rd5 Qc3 26. Qb5 Rc8 27. Rfd1 Bf6 28. Qb7 Re8 29. g3 Re1+ 30. Kg2 Rxd1 31. Qf7 Be7 32. Qe8+ Kg7 33. Qxe7+ Kh6 34. Qg5+ Kg7 35. Rxd1 Qf6 36. Rd7+ Kf8 37. Qxf6+ Ke8 38. Qe7# 1-0

[Event "Finistere-chT 0001"]
[Site "Finistere"]
[Date "2000.12.02"]
[Round "3.4"]
[White "Kerebel, Regis"]
[Black "Guezennec, Franck"]
[Result "0-1"]
[WhiteElo "1600"]
[BlackElo "1950"]
[PlyCount "94"]
[EventDate "2000.??.??"]
[EventType "team"]
[EventRounds "7"]
[EventCountry "FRA"]
[SourceTitle "EXT 2003"]
[Source "ChessBase"]
[SourceDate "2002.11.25"]
[SourceVersion "1"]
[SourceVersionDate "2002.11.25"]
[SourceQuality "1"]

1. e4 d5 2. e5 Bf5 3. d4 e6 4. h4 h5 5. Bd3 Bxd3 6. Qxd3 c5 7. c3 Nc6 8. Ne2 cxd4 9. cxd4 Qb6 10. Nbc3 Nge7 11. Qb5 Nc8 12. Qxb6 Nxb6 13. Bg5 Bb4 14. Rc1 Na4 15. Rc2 Rc8 16. Bd2 Bxc3 17. Bxc3 Nb4 18. Rd2 Nxa2 19. Rh3 N2xc3 20. Nxc3 Nxc3 21. Rxc3 Rxc3 22. bxc3 Kd7 23. Rd3 a5 24. Kd1 Kc6 25. Rd2 Ra8 26. Kc1 a4 27. Kb2 Kb5 28. Rd3 Kc4 29. Rf3 a3+ 30. Ka2 b5 31. Re3 b4 32. cxb4 Kxb4 33. Rf3 Ra7 34. Rd3 Kc4 35. Rd1 Kc3 36. f3 Kc2 37. Rg1 Kd3 38. g4 hxg4 39. Rxg4 g6 40. f4 Kxd4 41. f5+ Kxe5 42. fxg6 fxg6 43. Rxg6 d4 44. h5 d3 45. Rg3 Kd4 46. h6 d2 47. Rg1 Kc3 0-1

[Event "Bretagne op-B"]
[Site "Queven"]
[Date "1999.??.??"]
[Round "4"]
[White "Kerebel, Regis"]
[Black "Blanchard, Jody"]
[Result "1/2-1/2"]
[WhiteElo "1640"]
[BlackElo "1440"]
[PlyCount "38"]
[EventDate "1999.06.??"]
[EventType "swiss"]
[EventRounds "7"]
[EventCountry "FRA"]
[SourceTitle "EXT 2001"]
[Source "ChessBase"]
[SourceDate "2000.11.22"]
[SourceVersion "1"]
[SourceVersionDate "2000.11.22"]
[SourceQuality "1"]

1. e4 c5 2. Nf3 d6 3. c3 Nf6 4. Be2 e6 5. 0-0 a6 6. a4 Be7 7. d3 Nc6 8. Nbd2 0-0 9. Ne1 Bd7 10. f4 Qc7 11. g4 Ne8 12. Ndf3 f6 13. f5 exf5 14. gxf5 Qb6 15. Kh1 Ne5 16. Rg1 Rc8 17. h4 Nxf3 18. Nxf3 Rf7 19. h5 Bc6 1/2-1/2

[Event "Bretagne op-B"]
[Site "Queven"]
[Date "1999.??.??"]
[Round "1"]
[White "Kerebel, Regis"]
[Black "Le Gal, Loic"]
[Result "0-1"]
[WhiteElo "1640"]
[BlackElo "1440"]
[PlyCount "50"]
[EventDate "1999.06.??"]
[EventType "swiss"]
[EventRounds "7"]
[EventCountry "FRA"]
[SourceTitle "EXT 2001"]
[Source "ChessBase"]
[SourceDate "2000.11.22"]
[SourceVersion "1"]
[SourceVersionDate "2000.11.22"]
[SourceQuality "1"]

1. e4 c5 2. Nf3 e6 3. d4 d5 4. exd5 exd5 5. Nc3 c4 6. g3 Nc6 7. Bg2 Bb4 8. 0-0 Qa5 9. Ne5 Bxc3 10. bxc3 Qxc3 11. Re1 Be6 12. Bxd5 Nxe5 13. Rxe5 Qxa1 14. Bxb7 Ne7 15. Bxa8 0-0 16. Bf3 Qxa2 17. d5 Qa5 18. Bb2 c3 19. Bc1 h6 20. d6 Qxe5 21. dxe7 Re8 22. Bc6 Rxe7 23. Qd8+ Kh7 24. Qxe7 Qe1+ 25. Kg2 Bd5+ 0-1